书目信息 |
| 题名: |
文化、文学与中日关系
|
|
| 作者: | 崔世广 主编 | |
| 分册: | ||
| 出版信息: | 北京 中国社会科学出版社 2013 |
|
| 页数: | 367页 | |
| 开本: | 24cm | |
| 丛书名: | 日本社会文化研究丛书 | |
| 单 册: | ||
| 中图分类: | G131.32-53 , I313.065 | |
| 科图分类: | ||
| 主题词: | 文化--日本--文集 , 日本文学--现代文学--文学研究--文集 , 中日关系--文集 , 文化 , 日本文学 , 现代文学 , 文学研究 , 中日关系 | |
| 电子资源: | ||
| ISBN: | 978-7-5161-3663-8 | |
| 000 | 01142oam2 2200349 450 | |
| 001 | 519 | |
| 005 | 20140909171111.14 | |
| 010 | @a978-7-5161-3663-8@dCNY58.00 | |
| 100 | @a20140228d2013 em y0chiy50 ea | |
| 101 | 0 | @achi |
| 102 | @aCN@b110000 | |
| 105 | @aa z 000yy | |
| 106 | @ar | |
| 200 | 1 | @a文化、文学与中日关系@AWen Hua、 Wen Xue Yu Zhong Ri Guan Xi@f崔世广主编@FCui Shi Guang Zhu Bian |
| 210 | @a北京@c中国社会科学出版社@d2013 | |
| 215 | @a367页@c照片@d24cm | |
| 225 | 2 | @a日本社会文化研究丛书 |
| 330 | @a本书收录了24篇论文,主要包括三个方面的内容:一是关于当前中日文化关系和日本社会文化的研究;二是关于中日文学关系的研究;三是关于近代日本人的对外认识及中国认识的研究。 | |
| 461 | 0 | @12001 @a日本社会文化研究丛书 |
| 606 | 0 | @a文化@y日本@j文集 |
| 606 | 0 | @a日本文学@x现代文学@x文学研究@j文集 |
| 606 | 0 | @a中日关系@j文集 |
| 606 | 0 | @a文化 |
| 606 | 0 | @a日本文学 |
| 606 | 0 | @a现代文学 |
| 606 | 0 | @a文学研究 |
| 606 | 0 | @a中日关系 |
| 690 | @aG131.32-53@v5 | |
| 690 | @aI313.065@v5 | |
| 701 | 0 | @a崔世广@ACui Shi Guang@4主编 |
| 801 | 0 | @aCN@bTANGWEI@c20140603 |
| 905 | @b0839041-43@dG131.32-53@e150@f3 | |
| 文化、文学与中日关系/崔世广主编.-北京:中国社会科学出版社,2013 |
| 367页:照片;24cm.-(日本社会文化研究丛书) |
| ISBN 978-7-5161-3663-8:CNY58.00 |
| 本书收录了24篇论文,主要包括三个方面的内容:一是关于当前中日文化关系和日本社会文化的研究;二是关于中日文学关系的研究;三是关于近代日本人的对外认识及中国认识的研究。 |
| ● |
| 相关链接 |
|
|
|
|
正题名:文化、文学与中日关系
索取号:G131.32-53/150
 
预约/预借
| 序号 | 登录号 | 条形码 | 馆藏地/架位号 | 状态 | 备注 |
| 1 | 0839041 | 208390418 | 第一样本阅览室/ [索取号:G131.32-53/150] | 在馆 | |
| 2 | 0839042 | 208390427 | 第四借阅区/ [索取号:G131.32-53/150] | 在馆 | |
| 3 | 0839043 | 208390436 | 第四借阅区/ [索取号:G131.32-53/150] | 在馆 |